Bienvenue à la Médiathèque de Saint-Andiol
banniere
Accueil Recherche avancée Mon compte
handi1 Rechercher dans le catalogue

Filtre   Mots-clés
  Recherche avancée
 
Lister les dernières nouveautés
 
Lister les livres GROS CARACTERES
 
Lister les périodiques (magazines)

handi1 99 dessins pour ne plus faire de fautes

Book Cover
Auteur principal : Sandrine Campese
Autres auteurs : Jean-Baptiste Thomas-Sertillanges
Titre : 99 dessins pour ne plus faire de fautes
Support : Livres
Langue : Francais
Publié : 2015 l'Opportun La Varenne-Saint-Hilaire (Val-de-Marne)
Genre : Documentaire
Sujets :
Étiquettes :
Pas de tags
LEADER 01025nam0a2200229 450
001 16868241
010 |a 978-2-36075-361-1  |b br.  |d 9,9 € 
100 |a 20160928d2015 u u0frey01 ba 
101 0 |a fre 
102 |a FR 
200 0 |a 99 dessins pour ne plus faire de fautes  |f Sandrine Campese  |g illustrations Jean-Baptiste Thomas-Sertillanges 
207 1 |a   
210 |a La Varenne-Saint-Hilaire (Val-de-Marne)  |c l'Opportun  |d 2015 
215 |a 1 vol. (219 p.)  |c illustrations en noir et blanc  |d 19 x 12 cm 
300 |a Coup de coeur 
330 |a Une méthode mnémotechnique qui permet d'éviter les fautes les plus courantes grâce à un dessin accompagné d'une explication qui remet les règles en perspective, ainsi que leurs exceptions. 
606 0 |a Français (langue)  |x Orthographe 
676 |a 444 
700 0 |a Campese  |b Sandrine  |4 70 
702 0 |a Thomas-Sertillanges  |b Jean-Baptiste  |4 440 
900 |a Documentaire 
995 |a Médiathèque  |c Médiathèque  |f 00156008743734  |h 00156008743734  |k 444 CAM  |o p  |q a  |r az  |e Médiathèque